000 00520nam a22001697a 4500
005 20260303093006.0
008 260303b |||||||| |||| 00| 0 eng d
020 _a9781975196561 (pbk)
040 _cPK-LaUMT
082 _a610.7343
_bDEM-C
100 _aDeMarco, Rosanna F.
_99594
245 _aCommunity and public health nursing :
_bevidence for practice /
_cby Rosanna F. DeMarco and Judith Healey-Walsh
250 _a4th ed.
260 _aPhiladelphia :
_bWolters Kluwer,
_c2024
300 _a652 p.
942 _cBK
999 _c139948
_d139948